000 00919nac a22002897a 4500
001 BR9300170
003 BR-BrBNA
005 20240105121327.0
008 230509b bl.|||m| |||| 00| 0 por d
040 _aBR-BrBNA
_bpor
_cBiblioteca Nacional de Agricultura
072 _aP10
090 _aP10 BR9300170
100 1 _aCavalcante, N.M. da C.
100 1 _aDoherty, F.R.
100 1 _aCadier, E.
110 1 _aSuperintendencia do Desenvolvimento do Nordeste, Recife, PE (Brasil)
245 1 _aBacia hidrografica representativa Taua, Ceara
_bRelatorio final
260 3 _aRecife, PE (Brasil):
_c1990.
300 _a329 p.
490 _aBrasil. SUDENE. Hidrologia (Brazil)
_vno. 28
_x
500 _aSummary (Pt); 17 ref.; 58 tables; 43 illus.
650 _aBacia Hidrografica
650 _aHidrometeorologia
650 _aCeara
909 _a202312
_bLúcia Elande
_c55
_dLúcia Elande
942 _2AGRIS
_n0
_cMS
999 _c284661
_d284661